[Event "Ruhrgebiet VL1 0304"]
[Site "Ruhrgebiet"]
[Date "2003.10.19"]
[Round "2.6"]
[White "Deckert, Frank"]
[Black "Greger, Helmut"]
[Result "1/2-1/2"]
[WhiteElo "1803"]
[BlackElo "1938"]
[PlyCount "87"]
[EventDate "2003.09.28"]
[EventType "team"]
[EventRounds "9"]
[EventCountry "GER"]
[SourceTitle "EXT 2007"]
[Source "ChessBase"]
[SourceDate "2006.11.23"]
[SourceVersion "1"]
[SourceVersionDate "2006.11.23"]
[SourceQuality "1"]
[WhiteTeam "Brambauer"]
[BlackTeam "Steele/Kray Rochade"]
[WhiteTeamCountry "GER"]
[BlackTeamCountry "GER"]

1. d4 g6 2. c4 Bg7 3. Nc3 d6 4. e4 Nf6 5. Nf3 0-0 6. Be2 c6 7. 0-0 Nbd7 8. Rb1 Qc7 9. Be3 e5 10. Ne1 Re8 11. f3 exd4 12. Bxd4 Ne5 13. c5 dxc5 14. Bxc5 Be6 15. Qc2 Rad8 16. b3 Bh6 17. Bf2 Nh5 18. g3 Bh3 19. Ng2 Rd2 20. Qc1 Qa5 21. b4 Qd8 22. Rd1 b6 23. f4 Rd7 24. Qc2 Ng4 25. Rxd7 Qxd7 26. Rd1 Qe7 27. a3 Bg7 28. Bf3 Nxf2 29. Kxf2 Nf6 30. Ne3 Qe6 31. e5 Bf8 32. Rd2 a5 33. bxa5 bxa5 34. Qa2 Qxa2 35. Nxa2 Bc5 36. Ke2 Bxe3 37. Kxe3 Nd5+ 38. Bxd5 cxd5 39. Rxd5 Be6 40. Rd2 Rb8 41. Nc1 Rb1 42. Rc2 Ra1 43. Rc3 a4 44. Kd3 1/2-1/2